000 00345nam a2200133Ia 4500
008 240624s9999 xx 000 0 und d
041 _aeng
082 _a423.52 APT
100 _aAPTE MADHAVI
245 _aCOURSE IN ENGLISH COMMUNICATION
260 _c2008
_aNew Delhi
_bPrentice-Hall of India
300 _aviii, : 204 : cm.
365 _cRS
_b35
999 _c13471
_d13471